Miejsca według państwa - zaznaczanie pól - Statystyki

Ogólne statystyki
  • Ten quiz został rozwiązany 1 445 razy
  • Średni wynik to 31 z 45
Statystyki odpowiedzi
Zagadnienie Komórka Select % Poprawnych
Miejsca w Chinach Nie
98%
Miejsca w Chinach Tak
98%
Miejsca w Chinach Nie
94%
Miejsca w Wielkiej Brytanii Tak
93%
Miejsca w Stanach Zjednoczonych Tak
92%
Miejsca w Stanach Zjednoczonych Tak
92%
Miejsca w Stanach Zjednoczonych Nie
92%
Miejsca w Wielkiej Brytanii Nie
90%
Miejsca w Hiszpanii Tak
90%
Miejsca w Indiach Tak
90%
Miejsca w Indiach Nie
89%
Miejsca w Indiach Nie
89%
Miejsca w Hiszpanii Nie
87%
Miejsca w Stanach Zjednoczonych Nie
87%
Miejsca w Chinach Tak
85%
Miejsca w Wielkiej Brytanii Tak
85%
Miejsca w Indiach Tak
85%
Miejsca w Chinach Nie
84%
Miejsca w Wielkiej Brytanii Nie
84%
Miejsca w Hiszpanii Nie
81%
Miejsca w Stanach Zjednoczonych Nie
81%
Miejsca w Indiach Nie
80%
Miejsca w Wielkiej Brytanii Nie
76%
Miejsca w Wielkiej Brytanii Nie
75%
Miejsca w Hiszpanii Tak
73%
Miejsca w Wielkiej Brytanii Tak
70%
Miejsca w Stanach Zjednoczonych Nie
70%
Miejsca w Indiach Tak
68%
Miejsca w Hiszpanii Nie
67%
Miejsca w Chinach Tak
65%
Miejsca w Chinach Nie
64%
Miejsca w Hiszpanii Nie
61%
Miejsca w Stanach Zjednoczonych Tak
60%
Miejsca w Hiszpanii Tak
59%
Miejsca w Indiach Nie
56%
Miejsca w Stanach Zjednoczonych Tak
54%
Miejsca w Chinach Tak
49%
Miejsca w Stanach Zjednoczonych Tak
45%
Miejsca w Chinach Tak
43%
Miejsca w Hiszpanii Tak
33%
Miejsca w Indiach Tak
28%
Miejsca w Wielkiej Brytanii Tak
23%
Miejsca w Hiszpanii Tak
23%
Miejsca w Wielkiej Brytanii Tak
13%
Miejsca w Indiach Tak
10%
Nie znaleziono quizów pasujących do podanych kryteriów
Rozkład punktacji
Procent ludzi z każdym wynikiem
Percentyl według liczby udzielonych odpowiedzi
Twoja historia wyników
Nie rozwiązałeś tego quizu